Tibia - Miasta - Statystyki

Ogólne statystyki
  • Ten quiz został rozwiązany 211 razy
  • Średni wynik to 9 z 18
Statystyki odpowiedzi
:) Miasto % Poprawnych
3 Carlin
93%
15 Thais
93%
1 Venore
82%
2 Ab'dendriel
69%
8 Edron
67%
5 Ankrahmun
65%
6 Darashia
62%
4 Kazordoon
58%
7 Port Hope
57%
17 Yalahar
51%
11 Liberty bay
48%
12 Svargrond
39%
18 Rookgaard
25%
14 Roshamuul
25%
9 Farmine
22%
10 Gray Island
10%
13 Rathleton
10%
16 Dawnport
7%
Nie znaleziono quizów pasujących do podanych kryteriów
Rozkład punktacji
Procent ludzi z każdym wynikiem
Percentyl według liczby udzielonych odpowiedzi
Twoja historia wyników
Nie rozwiązałeś tego quizu